Deleite / (Registro nro. 7610)

Detalles MARC
000 -LIDER
fixed length control field 00749nam a2200253 a 4500
001 - NÚMERO DE CONTROL
Identificador de número de control 000026508
003 - IDENTIFICACDOR DE NÚMERO DE CONTROL
control field DO-SdBNP
005 - DATE AND TIME OF LATEST TRANSACTION
control field 20180319104317.0
007 - CAMPOS FIJOS DE DESCRIPCIÓN FÍSICA
fixed length control field 000026508
008 - ELEMENTOS DE LONGITUD FIJA
fixed length control field 110322s20uu dr 000 p spa d
040 ## - FUENTE DE CATALOGACIÓN
Agencia que crea de manera original el registro BPMSU
Idioma de catalogación spa
Agencia que realiza la transcripción BPMSU
082 04 - NÚMERO DE CLASIFICACIÓN DECIMAL DE DEWEY
Classification number RD861.44
Item number C199d
100 1# - ASIENTO PRINCIPAL -- NOMBRE PERSONAL
Nombre personal Campusano, Ramón A.
245 10 - MENCIÓN DE TITULO
Título Deleite /
Mención de responsabilidad Ramón A. Campusano ; prólogo Ingrid Moncle.
260 ## - PUBLICACIÓN, DISTRIBUCIÓN, ETC. (PIE DE IMPRENTA)
Lugar de publicación, distribución, etc Higüey :
Nombre del editor, distribuidor, etc. Impreso Oriental,
Fecha de publicación, distribución, etc [200?].
300 ## - DESCRIPCIÓN FÍSICA
Extensión 26 p. ;
Dimensiones 28 cm.
650 #4 - ENCABEZAMIENTO DE MATERIA--TEMÁTICO
Término temático o nombre geográfico como elemento de entrada POESÍA DOMINICANA
650 #4 - ENCABEZAMIENTO DE MATERIA--TEMÁTICO
Término temático o nombre geográfico como elemento de entrada LITERATURA DOMINICANA
700 1# - ASIENTO SECUNDARIO -- NOMBRE PERSONAL
Nombre personal Moncle, Ingrid,
Mención de responsabilidad pról.
910 ## - VALIDACIÓN
Validación Validado. Control de calidad MFF
942 ## - ADDED ENTRY ELEMENTS (KOHA)
Source of classification or shelving scheme Dewey Decimal Classification
Koha item type Libros
945 ## - INFORMACIÓN DE PROCESAMIENTO LOCAL
Información de procesamiento local Remanejado para la BNPHU / 2018 BT
956 ## - LOCAL ELECTRONIC LOCATION AND ACCESS (OCLC)
Nombre de host VMATEO
Número de acceso 10
Información de compresión 20160508
Inicio de sesión BPMSU
Procesador de solicitud 0069
Existencias
Withdrawn status Lost status Source of classification or shelving scheme Damaged status Not for loan Collection code Home library Current library Date acquired Total Checkouts Full call number Barcode Date last seen Price effective from Koha item type
    Dewey Decimal Classification     Colección Dominicana Biblioteca Pública Metropolitana Salomé Ureña Biblioteca Pública Metropolitana Salomé Ureña 11/03/2015   RD861.44 C199d BPMSU15110028 11/03/2015 11/03/2015 Libros